000 00301nam a22001337a 4500
008 170715b xxu||||| |||| 00| 0 eng d
020 _a9780759110588
041 _aeng
080 _a572
100 _a24
101 _aANT
245 _aINTRODUCING MEDICAL ANTHROPOLOGY
_cSINGER, M
942 _2udc
_cBK
999 _c21239
_d21239